01403nam a2200349 a 4500001001200000003000800012006001900020007001500039008004100054020001500095020001800110020002700128040002100155035002100176050002500197100002500222245016400247260003300411300002700444490002800471504005100499533015200550650003900702650003900741650002600780655002900806700001800835700002800853710001700881830002900898856012600927ebr10511557CaPaEBRm u cr cn|||||||||111213s2006 enka sb 001 0 eng d z1904752098 z9781904752097 z9781904752806 (e-book) aCaPaEBRcCaPaEBR a(OCoLC)66695221714aRG103.5b.I86 2006eb1 aIsmail, Khaled M. K.10aPsychological disorders in obstetrics and gynaecology for the MRCOG and beyondh[electronic resource] /cKhaled M.K. Ismail, Ilana Crome, P.M. Shaughn O'Brien. aLondon :bRCOG Press,c2006. ax, 102 p. :bcol. ill.1 aMRCOG and beyond series aIncludes bibliographical references and index. aElectronic reproduction.bPalo Alto, Calif. :cebrary,d2013.nAvailable via World Wide Web.nAccess may be limited to ebrary affiliated libraries. 0aGynecologyxPsychological aspects. 0aObstetricsxPsychological aspects. 0aWomenxMental health. 7aElectronic books.2local1 aCrome, Ilana.1 aO'Brien, P. M. Shaughn.2 aebrary, Inc. 0aMRCOG and beyond series.40uhttp://site.ebrary.com/lib/rucke/Doc?id=10511557zAn electronic book accessible through the World Wide Web; click to view